Seasonings: (Record no. 5571)

MARC details
000 -LEADER
fixed length control field 00699nam a2200241 4500
001 - CONTROL NUMBER
control field 1323926
003 - CONTROL NUMBER IDENTIFIER
control field GBCCL
005 - DATE AND TIME OF LATEST TRANSACTION
control field 20241126110545.0
008 - FIXED-LENGTH DATA ELEMENTS--GENERAL INFORMATION
fixed length control field 700820s1970 nju 000 0 eng
010 ## -
-- 78123064
020 ## - INTERNATIONAL STANDARD BOOK NUMBER
International Standard Book Number 0551001194
040 ## - CATALOGING SOURCE
Original cataloging agency DLC
Transcribing agency DLC
Modifying agency DLC
082 00 - DEWEY DECIMAL CLASSIFICATION NUMBER
Classification number 242
Item number HAV
100 1# - MAIN ENTRY--PERSONAL NAME
Personal name Havner, Vance
Dates associated with a name 1901-
9 (RLIN) 347
245 10 - TITLE STATEMENT
Title Seasonings:
Remainder of title Thoughts experiences humour and inspiration to whet the appetite for the living bread /
Statement of responsibility, etc. Vance Haver
260 ## - PUBLICATION, DISTRIBUTION, ETC.
Place of publication, distribution, etc. London:
Name of publisher, distributor, etc. Lakeland
Date of publication, distribution, etc. 1970
300 ## - PHYSICAL DESCRIPTION
Extent 127 p.
Dimensions 18 cm.
350 ## - PRICE (NR) (BK AM CF MU VM SE) [OBSOLETE]
Price 3.50
650 #0 - SUBJECT ADDED ENTRY--TOPICAL TERM
Topical term or geographic name entry element Meditations
9 (RLIN) 1412
650 #0 - SUBJECT ADDED ENTRY--TOPICAL TERM
Topical term or geographic name entry element Christian life
9 (RLIN) 183
906 ## - LOCAL DATA ELEMENT F, LDF (RLIN)
a 7
b cbc
c orignew
d 2
e ncip
f 19
g y-gencatlg
942 ## - ADDED ENTRY ELEMENTS (KOHA)
Source of classification or shelving scheme Dewey Decimal Classification
Koha item type Books
Holdings
Withdrawn status Lost status Source of classification or shelving scheme Damaged status Not for loan Home library Current Library Shelving location Date acquired Total checkouts Full call number Barcode Date last seen Copy number Price effective from Koha item type
    Dewey Decimal Classification     GRACE BIBLE COLLEGE GRACE BIBLE COLLEGE Ministry & Mission 2018-03-27   242 HAV 004056 2025-05-01 c.1 2018-03-27 Books
    Dewey Decimal Classification     GRACE BIBLE COLLEGE GRACE BIBLE COLLEGE Ministry & Mission 2018-04-17   242 HAV 004057 2025-05-01 c.2 2018-04-17 Books
© Grace Bible College Library 2025